Culture Générale - Série 169 - Statistiques

Statistiques générales
  • Ce quiz a été pris 287 fois
  • Le résultat moyen est 5 sur 10
Statistiques - réponses
Question Réponse % Correct
Sur un échiquier, quelle pièce est la voisine de droite du roi ? Fou
91%
Dans quel pays le Grand Prix de F1 de Kuala Lumpur se dispute-t-il ? Malaisie
74%
De quel pays Ahmed Ben Bella fut-il le premier Président entre 1963 et 1965 ? Algérie
73%
De quel sport Nigel Mansell fut-il champion du monde en 1992 ? Formule 1
60%
Quel poison est associé aux "vieilles dentelles" dans un film de Frank Capra ? Arsenic
48%
Quel gâteau alsacien cuit dans 1 moule haut, doté d'une cheminée centrale ? Kouglof
43%
En géométrie, quelle droite a un point commun et un seul avec un cercle ? Tangente
42%
Quel animal est Cléo dans le "Pinocchio" de Walt Disney ? Poisson
40%
Dans quel roman de cape et d'épée parle-t-on de la "botte de Nevers" ? Le Bossu
27%
Quel nom d'animal désigne aussi un portemanteau ? Perroquet
17%
Aucun quiz correspondant
Distribution des résultats
% des personnes avec chaque résultat
Percentile par nombre de réponses
Votre historique - résultats
Vous n’avez pas pris ce quiz